000 00537nam a2200229Ia 4500
003 IT-RoPAU
008 120407s9999 xx 000 0 und d
040 _aIT-RoPAU
040 _cIT-RoPAU
041 _aita
100 _aCostant Tonnelier
245 _aLasciarsi invadere dall’amore. (Meditiamo con Giovanni della Croce).
250 _aMilano
260 _aEdizioni Paoline
260 _c1993
300 _a101 p.
300 _c20 cm
490 _a (Meditimo con i Santi)
490 _v1
942 _cBK
999 _c24019
_d24019